Atomic Scattering From Cavity Field And Entanglement to Distant Cavities (Record no. 526177)

000 -LEADER
fixed length control field 00569nam a22001937a 4500
003 - CONTROL NUMBER IDENTIFIER
control field NUST
005 - DATE AND TIME OF LATEST TRANSACTION
control field 20230126144541.0
008 - FIXED-LENGTH DATA ELEMENTS--GENERAL INFORMATION
fixed length control field 190709b ||||| |||| 00| 0 eng d
038 ## - RECORD CONTENT LICENSOR
Staff Name Zahoor
082 ## - DEWEY DECIMAL CLASSIFICATION NUMBER
Classification number 530
100 ## - MAIN ENTRY--PERSONAL NAME
Personal name Butt, Amrat Raza
9 (RLIN) 17150
245 ## - TITLE STATEMENT
Title Atomic Scattering From Cavity Field And Entanglement to Distant Cavities
Statement of responsibility, etc. Amrat Raza Butt
260 ## - PUBLICATION, DISTRIBUTION, ETC.
Place of publication, distribution, etc. Islamabad :
Name of publisher, distributor, etc. SNS - NUST,
Date of publication, distribution, etc. 2016.
300 ## - PHYSICAL DESCRIPTION
Extent 44 p, : ill. ;
Dimensions 30cm.
500 ## - GENERAL NOTE
General note Hardcover,
650 ## - SUBJECT ADDED ENTRY--TOPICAL TERM
Topical term or geographic name entry element Physics MS Thesis
9 (RLIN) 16163
700 ## - ADDED ENTRY--PERSONAL NAME
Personal name Dr. Ayesha Khalique
9 (RLIN) 16343
942 ## - ADDED ENTRY ELEMENTS (KOHA)
Source of classification or shelving scheme
Koha item type Thesis
Holdings
Withdrawn status Lost status Source of classification or shelving scheme Damaged status Not for loan Permanent Location Current Location Shelving location Date acquired Total Checkouts Full call number Barcode Date last seen Price effective from Koha item type
          Central Library (CL) Central Library (CL) Thesis 07/09/2019   530 CL-T-2062 07/10/2019 07/09/2019 Thesis
© 2023 Central Library, National University of Sciences and Technology. All Rights Reserved.